|
|
|
|
| LEADER |
00000nam a2200000 a 4500 |
| 001 |
vtls001091481 |
| 003 |
SK-MaSNL |
| 005 |
20260301151230.0 |
| 008 |
250414s1983 xo 0 slo |
| 015 |
|
|
|a SNBA1983/06
|
| 035 |
|
|
|a SNK000034323
|
| 040 |
|
|
|a SNK
|b slo
|c SNK
|e AACR2
|
| 041 |
0 |
|
|a slo
|
| 044 |
|
|
|a xo
|c SK
|
| 080 |
|
|
|a 374.7:371.3(035)
|2 1981
|
| 080 |
|
|
|a 371.3(035)
|2 1981
|
| 080 |
|
|
|a 323.232(035)
|2 1981
|
| 080 |
|
|
|a 371.3
|2 1981
|
| 080 |
|
|
|a 374.7(035)
|2 1981
|
| 100 |
1 |
|
|a Livečka, Emil,
|d 1919-1985
|4 aut
|9 100535
|
| 245 |
1 |
0 |
|a Príručka lektora a propagandistu
|c Emil Livečka, Josef Kubálek ; Rudolf Tandlmajer, Tibor Hrabovský
|
| 250 |
|
|
|a 2. dopl. vyd.
|
| 260 |
|
|
|a Bratislava
|b Práca
|c 1983
|e Bratislava
|f Svornosť
|
| 300 |
|
|
|a 176 s., 9,83 AH
|b Sch.
|c 20 cm
|
| 366 |
|
|
|e 8000 výtl.
|
| 490 |
0 |
|
|a Knižnica funkcionára
|v Zv. 4/83.
|
| 700 |
1 |
|
|a Kubálek, Josef
|4 aut
|9 399568
|
| 700 |
1 |
|
|a Tandlmajer, Rudolf
|c (prekladateľ)
|4 trl
|9 184399
|
| 700 |
1 |
|
|a Hrabovský, Tibor
|4 bkd
|9 276833
|
| 852 |
|
|
|a Slovenská národná knižnica
|
| 954 |
|
|
|a agitácia politická
|a vzdelávanie dospelých
|
| 958 |
|
|
|a OND
|
| 958 |
|
|
|a CZ
|
| 958 |
|
|
|a TL
|
| 958 |
|
|
|a OP
|
| 999 |
|
|
|c 786002
|d 787932
|
| 952 |
|
|
|t P60, <04>, [BOOK], {604}
|a SNK
|b SNK
|y VYP
|7 0
|p 17A0067192
|o snkSD 54404 D1
|0 0
|1 0
|4 0
|d 1997-05-13
|l 0
|r 2004-12-31 00:00:00
|w 2026-02-24
|